000 00660nam a2200205 ar4500
001 1918
005 20221127090325.0
008 100401s ii a 00010|eng d
020 _a8122422330(pbk) :
_cSR145.00
082 0 4 _a658.4013
_bT64 2008
245 0 0 _aTQM :
_bplanning, design & implementation /
_cV. K. Khanna ... [et al.].
246 1 _aTotal quality management.
260 _aNew Delhi :
_bNew Age International,
_c2008.
300 _axxviii, 375 p. :
_bill. ;
_c24 cm.
504 _aIncludes bibliographic references.
650 4 _aQuality control.
650 4 _aProduct management.
650 4 _aTotal quality management.
700 0 _aKhanna, V. K.
999 _c1916
_d1916